000 00574nam a2200217Ia 4500
003 0100
008 130303s9999 xx 000 0 und d
040 _cARRUPELIB
050 _aB218.Z7O27 1969
100 _aO'Brien Denis
245 _aEmpedocles' cosmic cycle
245 _ba reconstruction from the fragments and secondary sources
260 _aCambridge
260 _bAt The University Press
260 _C1969
300 _ax
300 _b 458p. 23cm.
650 _bZimbabweParliament-Elections, 1995
650 _cElections-Zimbabwe
942 _2lcc
_01
999 _c61377
_d61377